[Event "It (open)"]
[Site "masterchessopen.com Haarlem (Netherlands)"]
[Round "5"]
[White "Konings Leon (NED)"]
[Black "Mitkov Nikola (MKD)"]
[Result "0-1"]
[WhiteElo "2255"]
[BlackElo "2509"]

1.d4 Nf6 2.c4 e6 3.Nc3 Bb4 4.e3 O-O 5.Bd3 d5 6.a3 dxc4 7.Bxc4 Bd6 8.Nf3 Nc6
9.O-O a6 10.e4 e5 11.dxe5 Nxe5 12.Nxe5 Bxe5 13.Qxd8 Rxd8 14.f3 b5 15.Be2 Be6
16.Be3 Rac8 17.a4 b4 18.Nd1 a5 19.f4 Bd4 20.e5 Ne4 21.Ba6 Rb8 22.Rc1 c5 23.Bb5
Nd2 24.Re1 Nb3 25.Rc2 Rbc8 26.Bc4 Na1 27.Rc1 Bxc4 28.Rxc4 b3 29.Bxd4 cxd4
30.Rxc8 Rxc8 31.Nf2 Nc2 32.Rc1 Rc4 33.Nd3 g6 34.Kf2 Rxa4 35.Nc5 Rb4 36.Nxb3 d3
37.Nc5 Rxf4+ 38.Kg3 d2 39.Rd1 Rc4 40.Nb3 Ne3 {#R} 0-1

[Event "Cup Russia (open)"]
[Site "masterchessopen.com Moscow (Russia)"]
[Round "2"]
[White "Gutov Andrey (RUS)"]
[Black "Kholmov Ratmir D (RUS)"]
[Result "0-1"]
[WhiteElo "2371"]
[BlackElo "2464"]

1.d4 Nf6 2.c4 e6 3.Nc3 Bb4 4.e3 O-O 5.Bd3 d5 6.a3 dxc4 7.Bxc4 Bd6 8.Nf3 c5
9.dxc5 Bxc5 10.Qxd8 Rxd8 11.Ke2 Nc6 12.b4 Bf8 13.Bb2 Bd7 14.Rac1 Rac8 15.Bb3
Be8 16.Rhg1 Bd6 17.g4 Ne5 18.g5 Rxc3 {#R} 0-1

[Event "It (open)"]
[Site "masterchessopen.com Turku (Finland)"]
[Round "2"]
[White "Heinimaki Leo (FIN)"]
[Black "Sorsa Nuutti (FIN)"]
[Result "1/2-1/2"]
[WhiteElo "2092"]
[BlackElo "2187"]

1.d4 Nf6 2.c4 e6 3.Nc3 Bb4 4.e3 O-O 5.Bd3 d5 6.a3 dxc4 7.Bxc4 Bxc3+ 8.bxc3 c5
9.Nf3 Qc7 10.Ba2 Nc6 11.O-O e5 12.dxe5 Nxe5 13.Nxe5 Qxe5 14.Qe2 Bd7 15.f3 Bc6
16.Bb2 Nd5 17.Rae1 Rae8 18.Bxd5 Bxd5 19.e4 Qe6 20.Qe3 Bc4 21.Rf2 b6 22.Rd2 Rd8
23.Red1 Rxd2 24.Rxd2 Re8 25.Qf4 {#d} 1/2-1/2

[Event "Ch Switzerland (team)"]
[Site "masterchessopen.com Switzerland"]
[Round "1"]
[White "Milov Vadim (SUI)"]
[Black "Sokolov Andrei (FRA)"]
[Result "1/2-1/2"]
[WhiteElo "2602"]
[BlackElo "2602"]

1.d4 Nf6 2.c4 e6 3.Nc3 Bb4 4.e3 O-O 5.Bd3 d5 6.a3 dxc4 7.Bxh7+ Nxh7 8.axb4 Nc6
9.Nf3 Nxb4 10.O-O b6 11.Ne5 Bb7 12.Nxc4 c5 13.dxc5 Qg5 14.e4 Qxc5 15.b3 Rfd8
16.Qe2 Nd3 17.Rd1 Nxc1 18.Rdxc1 Nf8 19.Qe3 Qxe3 20.Nxe3 Nd7 21.b4 a5 22.bxa5
bxa5 23.Nc4 {#d} 1/2-1/2

[Event "Ch Norway"]
[Site "masterchessopen.com Molde (Norway)"]
[Date "2004.07.03"]
[Round "1"]
[White "Elsness Frode (NOR)"]
[Black "Jansson Joran (NOR)"]
[Result "1-0"]
[WhiteElo "2425"]
[BlackElo "2282"]

1.d4 Nf6 2.c4 e6 3.Nc3 Bb4 4.e3 O-O 5.Bd3 d5 6.a3 dxc4 7.Bxc4 Bxc3+ 8.bxc3 e5
9.Ne2 c5 10.O-O Nc6 11.Bb2 Bf5 12.Ng3 Bg4 13.f3 Bd7 14.d5 Na5 15.Ba2 Bb5
16.Rf2 Bc4 17.e4 Ne8 18.Bc1 Bxa2 19.Raxa2 Nc4 20.f4 Ned6 21.Qg4 f5 22.exf5 e4
23.Rae2 Qe7 24.Rf1 Rae8 25.Rfe1 Qf6 26.Be3 b6 27.Nh5 Qxc3 28.f6 g6 29.Bf2 Rxf6
30.Rc2 Qxc2 31.Nxf6+ Kf7 32.Nxe8 Kxe8 33.Qe6+ Kf8 34.Bh4 Qc3 35.Be7+ Kg7
36.Rf1 Qd4+ 37.Kh1 Nf5 38.Qd7 Nxe7 39.Qxe7+ Kh6 40.g4 Qh8 41.g5+ Kh5 {#r} 1-0

[Event "It (cat.5)"]
[Site "masterchessopen.com Kireevsk (Russia)"]
[Date "2006.12.28"]
[Round "9"]
[White "Kalinichev Andrey (EST)"]
[Black "Poletov Vladimir (RUS)"]
[Result "1/2-1/2"]
[WhiteElo "2356"]
[BlackElo "2343"]

1.d4 Nf6 2.c4 e6 3.Nc3 Bb4 4.e3 O-O 5.Bd3 d5 6.a3 dxc4 7.Bxc4 Bd6 8.Qc2 Nbd7
9.Nf3 a6 10.Ba2 c5 11.dxc5 Bxc5 12.b4 Ba7 13.Nd4 Nb6 14.Bb2 Bd7 15.O-O {#d}
1/2-1/2

[Event "It (open)"]
[Site "masterchessopen.com Creon (France)"]
[Date "2007.08.01"]
[Round "4"]
[White "Mohota Nisha (IND)"]
[Black "Rabascall Jacques (FRA)"]
[Result "1-0"]
[WhiteElo "2416"]
[BlackElo "2002"]

1.d4 Nf6 2.c4 e6 3.Nc3 Bb4 4.e3 O-O 5.Bd3 d5 6.a3 dxc4 7.Bxc4 Bd6 8.Nf3 c5
9.O-O Nc6 10.Qe2 a6 11.Rd1 Qc7 12.dxc5 Bxc5 13.b4 Bd6 14.Bb2 Ne5 15.Nxe5 Bxe5
16.Rac1 Bxh2+ 17.Kh1 Be5 18.f4 Bxc3 19.Bxc3 Ne4 20.Be1 Qe7 21.Bd3 Nf6 22.Bh4
e5 23.fxe5 Qxe5 24.Rc5 Bg4 25.Rxe5 {#r} 1-0